| 000 | 00761nam a2200253 i 4500 | ||
|---|---|---|---|
| 001 | bg | ||
| 100 | 1 | _aMILLER, Michael Joseph | |
| 245 | 1 | 0 |
_aLinux dla uzależnionych od Windows / _cMichael Joseph Miller ; przekł. z jęz. ang. Stanisław Piech. |
| 246 |
_iTyt. oryg.: _aLinux for Windows addicts |
||
| 260 |
_aWarszawa : _b"Mikom", _c2001. |
||
| 300 |
_a438 s. : _bil. ; _c24 cm. |
||
| 500 | _aTyt. oryg.: "Linux for Windows addicts" 2000. | ||
| 504 | _aIndeks. | ||
| 650 | 9 | _aLinux | |
| 655 | _aPodręczniki | ||
| 020 | _a8372791317 | ||
| 040 | _cBPK | ||
| 041 | 1 |
_apl _hen |
|
| 080 | _a004.451(07) | ||
| 920 | _a83-7279-131-7 | ||
| 942 | _cKS | ||
| 008 | s pl f |000 0 pol | ||
| 999 |
_c40066 _d40066 |
||
| 856 |
_uhttp://koha.tu.koszalin.pl/cgi-bin/koha/opac-detail.pl?biblionumber=40066 _yKatalog online BPK |
||